MARC details
| 000 -LEADER |
| fixed length control field |
02663cas a2200577 a 4500 |
| 001 - CONTROL NUMBER |
| control field |
14110907 |
| 003 - CONTROL NUMBER IDENTIFIER |
| control field |
OSt |
| 005 - DATE AND TIME OF LATEST TRANSACTION |
| control field |
20230605093805.0 |
| 006 - FIXED-LENGTH DATA ELEMENTS--ADDITIONAL MATERIAL CHARACTERISTICS |
| fixed length control field |
m o d |
| 007 - PHYSICAL DESCRIPTION FIXED FIELD--GENERAL INFORMATION |
| fixed length control field |
cr cnu|||||||| |
| 008 - FIXED-LENGTH DATA ELEMENTS--GENERAL INFORMATION |
| fixed length control field |
041013c19879999nyuqr p o 0 a0eng c |
| 010 ## - LIBRARY OF CONGRESS CONTROL NUMBER |
| LC control number |
2005214713 |
| 015 ## - NATIONAL BIBLIOGRAPHY NUMBER |
| National bibliography number |
GBB5I2591 |
| Source |
bnb |
| 016 ## - NATIONAL BIBLIOGRAPHIC AGENCY CONTROL NUMBER |
| Record control number |
009858739 |
| 016 7# - NATIONAL BIBLIOGRAPHIC AGENCY CONTROL NUMBER |
| Record control number |
009858739 |
| Source |
Uk |
| 022 0# - INTERNATIONAL STANDARD SERIAL NUMBER |
| International Standard Serial Number |
1558-0970 |
| ISSN-L |
0891-1916 |
| Source |
1 |
| 035 ## - SYSTEM CONTROL NUMBER |
| System control number |
(OCoLC)ocm56721622 |
| 037 ## - SOURCE OF ACQUISITION |
| Source of stock number/acquisition |
M.E. Sharpe, Inc., 80 Business Park Dr., Armonk, NY 10504 |
| 040 ## - CATALOGING SOURCE |
| Original cataloging agency |
F#A |
| Language of cataloging |
eng |
| Description conventions |
pn |
| Transcribing agency |
F#A |
| Modifying agency |
OCLCQ |
| -- |
NSD |
| -- |
MUQ |
| -- |
OCLCQ |
| -- |
EYM |
| -- |
HUL |
| -- |
EYM |
| -- |
OCLCQ |
| -- |
DLC |
| -- |
OCLCF |
| -- |
OCLCO |
| -- |
UMC |
| -- |
OCLCE |
| -- |
UKMGB |
| -- |
OCLCQ |
| -- |
VT2 |
| -- |
OCLCQ |
| -- |
WT2 |
| -- |
ZAC |
| -- |
NLE |
| -- |
DLC |
| -- |
OCLCQ |
| -- |
AU@ |
| -- |
W2U |
| -- |
OCLCQ |
| -- |
LDP |
| -- |
OCLCO |
| -- |
OCLCQ |
| 042 ## - AUTHENTICATION CODE |
| Authentication code |
pcc |
| -- |
nsdp |
| -- |
dlr |
| 082 10 - DEWEY DECIMAL CLASSIFICATION NUMBER |
| Classification number |
320.0519 |
| Item number |
IJP |
| 222 #0 - KEY TITLE |
| Key title |
International journal of political economy |
| Qualifying information |
(Online) |
| 245 00 - TITLE STATEMENT |
| Title |
International journal of political economy. |
| 246 1# - VARYING FORM OF TITLE |
| Display text |
Issues for spring 2004- have subtitle: |
| Title proper/short title |
IJPE |
| 260 ## - PUBLICATION, DISTRIBUTION, ETC. (IMPRINT) |
| Place of publication, distribution, etc. |
Armonk, NY : |
| Name of publisher, distributor, etc. |
M.E. Sharpe, |
| Date of publication, distribution, etc. |
©1987- |
| 300 ## - PHYSICAL DESCRIPTION |
| Extent |
160p |
| 310 ## - CURRENT PUBLICATION FREQUENCY |
| Current publication frequency |
Quarterly |
| 336 ## - CONTENT TYPE |
| Content type term |
text |
| Content type code |
txt |
| Source |
rdacontent |
| 337 ## - MEDIA TYPE |
| Media type term |
computer |
| Media type code |
c |
| Source |
rdamedia |
| 338 ## - CARRIER TYPE |
| Carrier type term |
online resource |
| Carrier type code |
cr |
| Source |
rdacarrier |
| 362 1# - DATES OF PUBLICATION AND/OR SEQUENTIAL DESIGNATION |
| Dates of publication and/or sequential designation |
Began with vol. 17, no. 1 (spring 1987). |
| 506 ## - RESTRICTIONS ON ACCESS NOTE |
| Materials specified |
Use copy |
| Standardized terminology for access restriction |
Restrictions unspecified |
| Source of term |
star |
| Institution to which field applies |
MiAaHDL |
| 533 ## - REPRODUCTION NOTE |
| Type of reproduction |
Electronic reproduction. |
| Place of reproduction |
[Place of publication not identified] : |
| Agency responsible for reproduction |
HathiTrust Digital Library, |
| Date of reproduction |
2010. |
| Institution to which field applies |
MiAaHDL |
| 538 ## - SYSTEM DETAILS NOTE |
| System details note |
Master and use copy. Digital master created according to Benchmark for Faithful Digital Reproductions of Monographs and Serials, Version 1. Digital Library Federation, December 2002. |
| Uniform Resource Identifier |
<a href="http://purl.oclc.org/DLF/benchrepro0212">http://purl.oclc.org/DLF/benchrepro0212</a> |
| Institution to which field applies |
MiAaHDL |
| 583 1# - ACTION NOTE |
| Action |
digitized |
| Time/date of action |
2010 |
| Jurisdiction |
HathiTrust Digital Library |
| Status |
committed to preserve |
| Source of term |
pda |
| Institution to which field applies |
MiAaHDL |
| 588 0# - SOURCE OF DESCRIPTION NOTE |
| Source of description note |
Vol. 17, no. 1 (spring 1987); title from issue cover (JSTOR, viewed May 25, 2011). |
| 588 1# - SOURCE OF DESCRIPTION NOTE |
| Source of description note |
Vol. 46, issue 4 (2017) (Taylor & Francis Online viewed April 10, 2018). |
| 650 #0 - SUBJECT ADDED ENTRY--TOPICAL TERM |
| Topical term or geographic name as entry element |
Political science |
| Form subdivision |
Periodicals. |
| 650 #6 - SUBJECT ADDED ENTRY--TOPICAL TERM |
| Topical term or geographic name as entry element |
Science politique |
| Form subdivision |
Périodiques. |
| 650 #7 - SUBJECT ADDED ENTRY--TOPICAL TERM |
| Topical term or geographic name as entry element |
Political Economy. |
| Source of heading or term |
ebps |
| 650 #7 - SUBJECT ADDED ENTRY--TOPICAL TERM |
| Topical term or geographic name as entry element |
Political science. |
| Source of heading or term |
fast |
| Authority record control number |
(OCoLC)fst01069781 |
| 650 17 - SUBJECT ADDED ENTRY--TOPICAL TERM |
| Topical term or geographic name as entry element |
Internationale betrekkingen. |
| Source of heading or term |
gtt |
| 650 17 - SUBJECT ADDED ENTRY--TOPICAL TERM |
| Topical term or geographic name as entry element |
Economie. |
| Source of heading or term |
gtt |
| 655 #7 - INDEX TERM--GENRE/FORM |
| Genre/form data or focus term |
Periodicals. |
| Source of term |
fast |
| Authority record control number |
(OCoLC)fst01411641 |
| 776 08 - ADDITIONAL PHYSICAL FORM ENTRY |
| Relationship information |
Print version: |
| Title |
International journal of political economy |
| International Standard Serial Number |
0891-1916 |
| Record control number |
(DLC) 87644162 |
| -- |
(OCoLC)14639715 |
| 780 00 - PRECEDING ENTRY |
| Title |
International journal of politics |
| International Standard Serial Number |
2327-607X |
| Record control number |
(DLC) 2011235392 |
| -- |
(OCoLC)567905712 |
| 906 ## - LOCAL DATA ELEMENT F, LDF (RLIN) |
| a |
7 |
| b |
cbc |
| c |
sercoop |
| d |
2 |
| e |
ncip |
| f |
20 |
| g |
n-oclcserc |
| 942 ## - ADDED ENTRY ELEMENTS (KOHA) |
| Source of classification or shelving scheme |
Dewey Decimal Classification |
| Koha item type |
Books |